Races de chiens americaines - Statistiques

Statistiques générales
  • Ce quiz a été pris 7 fois
  • Le résultat moyen est 5 sur 22
Statistiques - réponses
Par images Hint Réponse % Correct
Mexique Chihuahua
100%
États-Unis Husky de Sibérie
100%
États-Unis Malamute de l'Alaska
71%
Argentine Dogue Argentin
57%
États-Unis Berger Miniature Américain
43%
États-Unis American Staffordshire Terrier
29%
Pérou Chien Nu du Pérou
29%
États-Unis Boston Terrier
14%
Groenland Chien du Groenland
14%
Mexique Chien Nu du Mexique
14%
États-Unis Cocker Americain
14%
Canada Retriever de la Nouvelle Écosse
14%
Brésil Terrier Brésilien
14%
États-Unis American Foxhound
0%
Cuba Bichon Havanais
0%
États-Unis Chesapeake Bay Retriever
0%
États-Unis Chien d'Eau Américain
0%
Canada Chien Esquimau Canadien
0%
Uruguay Cimarron Uruguayen
0%
États-Unis Coonhound
0%
Brésil Filã Brasileiro
0%
Brésil Pisteur Brésilien
0%
Aucun quiz correspondant
Distribution des résultats
% des personnes avec chaque résultat
Percentile par nombre de réponses
Votre historique - résultats
Vous n’avez pas pris ce quiz